CSGO Quiz (III) - Statistics

General Stats
  • This quiz has been taken 644 times
  • The average score is 7 of 15
Answer Stats
Question Answer % Correct
What map is known for having the callout "Tetris" Mirage
92%
How many maps start with the letter C? 2
79%
How many weapons have scopes? 6
73%
What is the code for the bomb when you plant/defuse it? (If you didn't change it) 7355608
60%
What was the most recent gun added to CS:GO? Mp5-SD
60%
At what holiday did they change cobblestone? Halloween
46%
What is the only rifle that has more than 30 bullets? Galil AR
44%
If you kill a team of 5 with an AK, an Mp9, and 3 shotgun kills, how much would you get in reward money? 3600
42%
Was the updated Dust II map before or after Panorama? Before
40%
True or False: You can get Prime Matchmaking for free True
40%
Of these choices, which have the callout "Connector" All of the above
27%
What gun has the highest rate of fire? Negev
27%
How many seconds do you have until a bomb blows up? (as soon as you plant it?) 45 Seconds
23%
How many weapons are in CS:GO? (excluding Grenades and the different types of knives) 35
17%
What is the most costly gun and what is it? M249 at $5750
15%
No matching quizzes found
Score Distribution
Percent of People with Each Score
Percentile by Number Answered
Your Score History
You have not taken this quiz